Post-Harvest Crop Processing Some Tools for Agriculture (Record no. 12581)

MARC details
000 -LEADER
fixed length control field 00483nam a22001697a 4500
003 - CONTROL NUMBER IDENTIFIER
control field OSt
005 - DATE AND TIME OF LATEST TRANSACTION
control field 20211013171540.0
008 - FIXED-LENGTH DATA ELEMENTS--GENERAL INFORMATION
fixed length control field 211013b |||||||| |||| 00| 0 eng d
020 ## - INTERNATIONAL STANDARD BOOK NUMBER
International Standard Book Number 0 946688 83 4
040 ## - CATALOGING SOURCE
Transcribing agency Hawassa University
050 ## - LIBRARY OF CONGRESS CALL NUMBER
Classification number 631.35/CLA
Item number 1
082 ## - DEWEY DECIMAL CLASSIFICATION NUMBER
Classification number 631.35/CLA
Item number 1
100 ## - MAIN ENTRY--PERSONAL NAME
Personal name Clarke,Brian
9 (RLIN) 13456
245 ## - TITLE STATEMENT
Title Post-Harvest Crop Processing Some Tools for Agriculture
260 ## - PUBLICATION, DISTRIBUTION, ETC.
Place of publication, distribution, etc. London
Name of publisher, distributor, etc. Intermediate Technology Publications
Date of publication, distribution, etc. 1985
942 ## - ADDED ENTRY ELEMENTS (KOHA)
Source of classification or shelving scheme Dewey Decimal Classification
Koha item type Books like text book referance book
Suppress in OPAC No
Holdings
Withdrawn status Lost status Source of classification or shelving scheme Damaged status Not for loan Home library Current library Date acquired Total Checkouts Full call number Barcode Date last seen Copy number Price effective from Koha item type
    Dewey Decimal Classification     College of Agriculture Library College of Agriculture Library 10/13/2021   631.35/CLA ALIB0012019 10/13/2021 1 10/13/2021 Books like text book referance book